000 00423cam a2200169ua 4500
003 OSt
008 241226b |||||||| |||| 00| 0 eng d
041 _aeng
082 _a621.319
_bUPP/EL
100 _aUppal, S.L .
_96591
245 _aElectrical wiring estimating & costing /
250 _a4 /
260 _aDelhi :
_bKhanna publishers ,
_c1994.
300 _a732 ; .
700 1 _aLaroia, J.M .
_96592
942 _cBK
999 _c1371
_d1371